| 000 | 01324cam a2200253 4500 | ||
|---|---|---|---|
| 001 | ##L130670 | ||
| 002 | ##7529 | ||
| 008 | 050823n2005 000 0 eng u | ||
| 020 | _a1904445004 | ||
| 035 | _a(Sirsi) u130670 | ||
| 041 | 0 | _aeng | |
| 050 | 0 | 4 | _a525.9820285 $2 18 |
| 100 | 1 | _aGraham, Ron | |
| 245 | 0 | 4 | _aThe digital image |
| 250 | _a2nd ed. | ||
| 260 |
_aCaithness _bWhittles Publishing _c2005 |
||
| 300 |
_axv, 158p _bill _c24cm |
||
| 350 | _a40.00 | ||
| 505 | 2 | _aRadiometry -- photometry and visual science -- fundamentals of imaging systems -- electrical properties of semiconductors -- digital cameras -- image processing -- digital printers -- digital imaging applications. | |
| 520 | _aA handbook on digital imaging, enabling the reader to understand the technology, terms and relationships, and fellow developments, in this sector. Contains an introduction to imaging, covering the topics of optics, electronics and photography, information on semiconductor technology, digital cameras, image processing and digital printing. Gives examples of digital imaging applications, including press and commercial photography, military use, aerial surveying and astronomy. | ||
| 520 | _aSupercedes 1999 edition (ISBN 1870325125). | ||
| 690 | _aENVIRONMENTAL AND LAND CONSULTANCY-GEOMATICS | ||
| 942 | _n0 | ||
| 999 |
_c104512 _d104512 |
||